000
00143 a2200085 4500
041
_a
spa
100
_a
Anonimo
245
_a
EspaoÌšl
942
_c
BK
999
_c
15794
_d
15794